Movies Quiz

Random Movies or Disney Quiz

Disney Goes to the Dark Side Quiz Stats

 Plays Quiz Updated Mar 8, 2017

     
Support Sporcle.
Go Orange.
Score 0/22 Timer 05:00
2 Plays Today
Description Disney Movie % Correct
Flying boy kidnaps children, feeds ship captain to hungry crocodile.Peter Pan
86.8%
Aided by mischievous genie, fake prince ousts Grand Vizier, seduces princess.Aladdin
82.8%
Man attacks beasts only to find they are led by ape-man who steals girl and hangs man on jungle vine.Tarzan
82.3%
Eerie cat gives bad advice to girl who, lost in forest, is attacked by evil queen. In the end, it's all a dream- or is it?Alice in Wonderland
79.7%
Cross-dressing soldier summons ancient guardian, kills hundreds in massive avalanche.Mulan
77.3%
Agent of hell seduces strong-man, luring him to his death in the underworld.Hercules
76.3%
Wild boy is raised by wolves, goes on rampage destroying ancient ruins and burning animals with fire.The Jungle Book
76.1%
Not content with patricide, prince hurls uncle off of cliff, bellows in triumph.The Lion King
76%
Mean prince enslaves bookish girl, orders servants not to feed her, fights her rescuer who falls to his death.Beauty and the Beast
74.5%
Hideous creature talks to statues, frightens crowd, stalks woman, hurls jurist to his death.The Hunchback of Notre Dame
70.5%
Summoned spirits turn girl to amphibian, kill heroic bug, drag man to hell.The Princess and the Frog
68%
Description Disney Movie % Correct
Woodland gang worships corpse, kills queen, hides in forest.Snow White and the Seven Dwarfs
67.8%
Dog betrays old friend, tirelessly hunts him, doesn't care if he really did it.The Fox and the Hound
66.2%
Twisted by the death of his mother, hero goes on a murderous rampage killing deer and dogs alike.Bambi
64.8%
Alien scientist creates indestructable creature, exiles creature to an unwitting and unprepared Earth.Lilo & Stitch
60.7%
Crazed girl runs away from home, beats man with frying pan, becomes horse whisperer.Tangled
58.9%
Ferocious cats seek aid from poisoned mouse and drunk gander, trap man and ship him to certain death.The Aristocats
55.5%
Enlivened by mystical forces and marred by a fib-induced facial deformity, a boy is enslaved and then transformed by the occult into animal form.Pinocchio
45.2%
Vulpine scoundrel leads jail break, masterminds coup of would-be Lion King.Robin Hood
31.9%
Princess forgoes culture, stalks murderous prince, abandons family.The Little Mermaid
29.4%
Magic summons a flood, party-goers are attacked by lightning and evil spirits rise from the grave!Fantasia
27.2%
Crazed mother attacks taunting boys, is locked up to protect son who has mad hallucinations.Dumbo
26.6%

From the Vault

Sports Words in Book Titles

by metashades

Sports 7m
This way you can get your exercise and read at the same time.
Remove Ads.
Support Sporcle.
Get the best of Sporcle when you Go Orange. This ad-free experience offers more features, more stats, and more fun while also helping to support Sporcle. Thank you for becoming a member.

Show Comments

Extras

Top Quizzes Today


Score Distribution

Your Account Isn't Verified!

In order to create a playlist on Sporcle, you need to verify the email address you used during registration. Go to your Sporcle Settings to finish the process.

Report this User

Report this user for behavior that violates our Community Guidelines.

Details: